La dirección de grupos: teoría y práctica
Guardado en:
| Autor principal: | |
|---|---|
| Formato: | Libro |
| Lenguaje: | español |
| Publicado: |
Ciudad de México
Trillas
1972
|
| Edición: | 2a. ed |
| Materias: | |
| Etiquetas: |
Agregar Etiqueta
Sin Etiquetas, Sea el primero en etiquetar este registro!
|
MARC
| LEADER | 00000nam a2200000 a 4500 | ||
|---|---|---|---|
| 001 | UCY7227 | ||
| 003 | CL-VaPUC | ||
| 008 | 950609e19720000MX |||||||||||||||||spa|d | ||
| 082 | 0 | 4 | |a 302.3 |b HAI |2 21 |
| 100 | |a Haiman, Franklyn S |e author |9 396052 | ||
| 245 | 1 | 3 | |a La dirección de grupos: teoría y práctica |
| 250 | |a 2a. ed | ||
| 300 | |a 367 p | ||
| 942 | |c BK | ||
| 945 | |d 19950609 00:00:00 |a mfernand | ||
| 260 | |a Ciudad de México |b Trillas |c 1972 | ||
| 650 | 7 | |a GRUPOS |2 CL-VaPUC |9 336429 | |
| 650 | 0 | |a Dinámica de grupos |9 259862 | |
| 650 | 0 | |a Democracia |9 255256 | |
| 650 | 0 | |a Relaciones interpersonales |9 307056 | |
| 650 | 0 | |a Conflicto social |9 255404 | |
| 650 | 0 | |a Integración social |9 319662 | |
| 650 | 0 | |a Totalitarismo |9 255261 | |
| 583 | |a last modification |c 19950609 00:00:00 |k Rodrigo Vera | ||
| 999 | |c 234653 |d 234651 | ||
| 952 | |0 0 |1 0 |4 0 |6 302_300000000000000_HAI_1972 |7 0 |8 P |9 241240 |a BIBEDU |b BIBEDU |c BIBEDU_PB |d 2019-11-18 |i 1516655 |o 302.3 HAI 1972 |p 1516655 |r 2019-11-18 |w 2019-11-18 |y BK |k EDU | ||